000 00665cam a22002533a 4500
001 29865
003 PGUSA
005 20140828083639.0
008 090830s2009||||xxu|||||s|||||000 1 eng d
040 _aPGUSA
_beng
042 _adc
050 4 _aPZ
050 4 _aPS
100 1 _aAbbott, Jane,
_d1881-
245 1 0 _aHighacres
_h[electronic resource] /
_cJane Abbott
260 _bProject Gutenberg,
_c2009
506 _aPublic domain in the USA.
516 _aElectronic text
653 _aFiction
700 1 _aRichards, Harriet Roosevelt,
_d-1932
830 0 _aProject Gutenberg
_v29865
856 4 0 _uhttp://www.gutenberg.org/ebooks/29865
942 _cEB
999 _c259120
_d259120